• 首页
  • 本馆介绍
  • 公告通知
  • 最新文献
  • 馆藏检索
  • 电子资源
  • 读者导购
  • 参考咨询
  • 我的图书馆
  • 登录
  • 详细信息显示
  • 放入我的书架
  • 预约/预借图书
  • 作者相关作品
  • 分类相关作品
  • 丛书相关作品
  • 出版社相关作品

书目信息

  • 表格格式
  • 工作单格式
  • 卡片格式
题名:
昆虫星球
    
 
作者: 金渡润 著 ;申林雪 译
分册:  
出版信息: 南宁   接力出版社  2021.04
页数: 342页
开本: 23cm
丛书名: 漫画生命进化史
单 册:
中图分类: Q96-49 , J238.2(312.6)
科图分类:
主题词: 昆虫--kun chong--普及读物 , 漫画--man hua--连环画--中国--现代
电子资源:
ISBN: 978-7-5448-7011-5
000 01382nam 2200313 450
001 CAL 010453608
005 20230308143223.0
010    @a978-7-5448-7011-5@dCNY76.00
100    @a20210607d2021 cemy0chiy0120 ea
101 1  @achi@ckor
102    @aCN@b450000
105    @aa t 000yy
106    @ar
200 1  @a昆虫星球@Akun chong xing qiu@f(韩) 金渡润著@g申林雪译
210    @a南宁@c接力出版社@d2021.04
215    @a342页@c彩图@d23cm
225 2  @a漫画生命进化史@Aman hua sheng ming jin hua shi
300    @a科普漫画
314    @a金渡润, 新锐科普漫画家。
330    @a昆虫经历数次大灭绝仍能如此繁盛的秘诀是什么? 它们是什么时候长出翅膀飞上天空的? 科幻电影里的巨型昆虫有科学根据吗? 原始昆虫是怎么表白的? 夏天在你头顶聚会的飞虫到底在干什么? 工蚁不繁衍后代是大公无私还是别有用心? 有关昆虫的一切, 本书都会告诉你。本书作者兼“生物怪才”“绘画圣手”于一体, 综合了多个前沿科研成果, 以翔实、确凿的生物史实, 辅以近1000幅搞笑漫画, 和读者一起重走昆虫4亿年进化之路, 历数昆虫走过的艰难历程, 以及其为了适应不断变化的环境而进化出的种种“奇葩”策略。
410  0 @12001 @a漫画生命进化史
606 0  @a昆虫@Akun chong@j普及读物
606 0  @a漫画@Aman hua@x连环画@y中国@z现代
690    @aQ96-49@v5
690    @aJ238.2(312.6)@v5
701  0 @a金渡润@Ajin du run@4著
702  0 @a申林雪@Ashen lin xue@4译
801  0 @aCN@bBJXHXP@c20230308
905    @b1403662-5@dQ96-49@e80@f4
    
    昆虫星球/(韩) 金渡润著/申林雪译.-南宁:接力出版社,2021.04
    342页:彩图;23cm.-(漫画生命进化史)
    科普漫画
    
    ISBN 978-7-5448-7011-5:CNY76.00
    昆虫经历数次大灭绝仍能如此繁盛的秘诀是什么? 它们是什么时候长出翅膀飞上天空的? 科幻电影里的巨型昆虫有科学根据吗? 原始昆虫是怎么表白的? 夏天在你头顶聚会的飞虫到底在干什么? 工蚁不繁衍后代是大公无私还是别有用心? 有关昆虫的一切, 本书都会告诉你。本书作者兼“生物怪才”“绘画圣手”于一体, 综合了多个前沿科研成果, 以翔实、确凿的生物史实, 辅以近1000幅搞笑漫画, 和读者一起重走昆虫4亿年进化之路, 历数昆虫走过的艰难历程, 以及其为了适应不断变化的环境而进化出的种种“奇葩”策略。
●
相关链接 在E读中查询图书 在五车中查询图书 在当当中查询图书 在豆瓣中查询图书


正题名:昆虫星球     索取号:Q96-49/80         预约/预借

序号 登录号 条形码 馆藏地/架位号 状态 备注
1 1403662   214036620   第二样本阅览室/ [索取号:Q96-49/80] 在馆    
2 1403663   214036639   第三借阅区/ [索取号:Q96-49/80] 在馆    
3 1403664   214036648   第三借阅区/ [索取号:Q96-49/80] 在馆    
4 1403665   214036657   第三借阅区/ [索取号:Q96-49/80] 在馆    
唐山师范学院图书馆 欢迎您!
大连网信软件有限公司© 版权所有